000 00664cam a22002293a 4500
001 6125
003 PGUSA
005 20140828083128.0
008 040701s2004||||xxu|||||s|||||000 | eng d
040 _aPGUSA
_beng
042 _adc
050 4 _aCT
100 1 _aRiis, Jacob A.
_q(Jacob August),
_d1849-1914
245 1 4 _aThe Making of an American
_h[electronic resource] /
_cJacob A. Riis
260 _bProject Gutenberg,
_c2004
506 _aPublic domain in the USA.
516 _aElectronic text
653 _aRiis, Jacob A. (Jacob August), 1849-1914
830 0 _aProject Gutenberg
_v6125
856 4 0 _uhttp://www.gutenberg.org/ebooks/6125
942 _cEB
999 _c235453
_d235453